NFL Biggest Blowouts - Statistics

General Stats
  • This quiz has been taken 26 times
  • The average score is 11 of 22
Answer Stats
Score Winning Team Losing Team Year % Correct
73-0 Chicago Bears Washington Redskins 1940
95%
57-0 Chicago Bears Baltimore Colts 1962
95%
56-0 Baltimore Colts Green Bay Packers 1958
90%
52-0 Baltimore Colts Chicago Bears 1964
90%
53-0 New York Giants Frankford Yellow Jackets 1930
86%
53-0 New York Giants Washington Redskins 1961
86%
51-0 Cleveland Browns Pittsburgh Steelers 1989
81%
59-0 New England Patriots Tennessee Titans 2009
76%
64-0 Philadelphia Eagles Cincinatti Reds 1934
76%
58-0 Seattle Seahawks Arizona Cardinals 2012
76%
60-0 Chicago Cardinals Rochester Jeffersons 1923
71%
52-0 St. Louis Rams Oakland Raiders 2014
62%
55-0 Houston Oilers Oakland Raiders 1961
52%
66-0 Rochester Jeffersons Fort Porter 1920
43%
62-0 Akron Pros Oorang Indians 1922
24%
59-0 Cleveland Bulldogs Rochester Jeffersons 1924
19%
55-0 Buffalo All-Americans New York Brickley Giants 1921
0%
51-0 Buffalo All-Americans All Buffalo 1920
0%
54-0 Frankford Yellow Jackets Buffalo Bisons 1927
0%
57-0 Racine Legion Lousville Brecks 1922
0%
60-0 Rock Island Independents Evansville Crimson Giants 1922
0%
56-0 Rock Island Independents Rochester Jeffersons 1923
0%
No matching quizzes found
Score Distribution
Percent of People with Each Score
Percentile by Number Answered
Your Score History
You have not taken this quiz